000 00347nam a22001097a 4500
999 _c6956
_d6956
008 200408b ||||| |||| 00| 0 eng d
245 _aTanzania in Figures 2010
_cMinistry of Finance.-
_hEnglish.
260 _aDar Es Salaam:
_bNational Bureau of Statistics,
_c2011.
300 _avii, 75p;
_bTables,
_c15cm.-
650 _2STATISTICS
942 _2ddc
_cBOOKS